| 000 | 01050nam a2200217 4500 | ||
|---|---|---|---|
| 001 | 6042 | ||
| 010 | _a9789895543403 | ||
| 021 | _b264428/07 | ||
| 090 | _a6042 | ||
| 100 | _a20251001d2007 a y0pory5003 ba | ||
| 200 | 1 |
_aUm país à espera de nascer _eprimeiros povos _fPaula Cardoso Almeida _gil. de Carla Nazareth |
|
| 210 |
_aMatosinhos _cQuidnovi _d2007 |
||
| 215 |
_a30p. _cil. |
||
| 225 | 2 |
_aHistória de Portugal _v1 |
|
| 330 | _aHá muito, muito tempo, quando Portugal ainda não era Portugal, os nossos antepassados ocuparam grande parte do território onde hoje vivemos. Chamavam-se Lusitanos e passaram a viver na Lusitânia. Viveram felizes e sossegados durante vários anos até que um dia os romanos quiseram ampliar o seu império e decidiram invadir a Península Ibérica. Começou, então, o tempo das guerras. Um tempo que durou muitos séculos | ||
| 606 |
_9988 _aHistória de Portugal |
||
| 675 |
_a946.9 _vBN _zpor |
||
| 700 |
_aAlmeida _bPaula Cardoso _95736 |
||
| 801 | 0 |
_aPT _bBEN2VN _gRPC |
|
| 830 |
_cTânia Croca _d01/10/2025 |
||
| 990 | _cLIVROS | ||